000 00286nam a2200121Ia 4500
008 190216s9999||||xx |||||||||||||| ||und||
100 _aKeshav M Mutalik
245 0 _aSongs Of Divinity
260 _bPopular Prakashan
_c1995
300 _a164p
650 _aEnglish Poetry
942 _cBK
999 _c14084
_d14084